Design patterns : elements of reusable object-oriented software (Record no. 178047)
[ view plain ]
| 000 -LEADER | |
|---|---|
| fixed length control field | 00537nam a2200169Ia 4500 |
| 008 - FIXED-LENGTH DATA ELEMENTS--GENERAL INFORMATION | |
| fixed length control field | 231217s9999 xx 000 0 und d |
| 020 ## - INTERNATIONAL STANDARD BOOK NUMBER | |
| International Standard Book Number | 8131700070 |
| 041 ## - LANGUAGE CODE | |
| Language code of text/sound track or separate title | English |
| 082 ## - DEWEY DECIMAL CLASSIFICATION NUMBER | |
| Classification number | 001.6424 GAM;10 |
| 100 ## - MAIN ENTRY--PERSONAL NAME | |
| Personal name | Gamma, Erich Helm, Richard Johnson, Ralph etc |
| 245 #0 - TITLE STATEMENT | |
| Title | Design patterns : elements of reusable object-oriented software |
| 260 ## - PUBLICATION, DISTRIBUTION, ETC. | |
| Date of publication, distribution, etc. | 1995 |
| Name of publisher, distributor, etc. | Pearson |
| Place of publication, distribution, etc. | Delhi |
| 300 ## - PHYSICAL DESCRIPTION | |
| Extent | xv+395 |
| 400 ## - SERIES STATEMENT/ADDED ENTRY--PERSONAL NAME [OBSOLETE, CAN/MARC], [LOCAL, USA] | |
| Personal name | Addison-Wesley professional computing series |
| 650 ## - SUBJECT ADDED ENTRY--TOPICAL TERM | |
| Topical term or geographic name entry element | patterns,:,reusable,object-oriented,software |
| 942 ## - ADDED ENTRY ELEMENTS (KOHA) | |
| Koha item type | Books |
| Date last seen | Total checkouts | Full call number | Accession number | Cost, total (INR) price | Price effective from | Category | Lost status | Damaged status | Department | Withdrawn status | Home library | Current library | Shelving location | Entry date | Vendor | Cost, normal purchase price | Grants | Billnumber | Billdate | Currency symbol | Conversion rate | Discount | Old discount |
|---|---|---|---|---|---|---|---|---|---|---|---|---|---|---|---|---|---|---|---|---|---|---|---|
| 26/01/2024 | 001.6424 GAM;10 | 42804 | 299.25 | 26/01/2024 | Books | MCA | Central Library | Central Library | MCA | 29/08/2006 | Book Paradise | 399.00 | MCA | 33570 | 20/08/2008 | RS | 1 | 99.75 | 25 | ||||
| 26/01/2024 | 001.6424 GAM;11 | 42805 | 299.25 | 26/01/2024 | Books | MCA | Central Library | Central Library | MCA | 29/08/2006 | Book Paradise | 399.00 | MCA | 33570 | 20/08/2008 | RS | 1 | 99.75 | 25 | ||||
| 26/01/2024 | 001.6424 GAM;12 | 42806 | 299.25 | 26/01/2024 | Books | MCA | Central Library | Central Library | MCA | 29/08/2006 | Book Paradise | 399.00 | MCA | 33570 | 20/08/2008 | RS | 1 | 99.75 | 25 | ||||
| 26/01/2024 | 001.6424 GAM;13 | 42807 | 299.25 | 26/01/2024 | Books | MCA | Central Library | Central Library | MCA | 29/08/2006 | Book Paradise | 399.00 | MCA | 33570 | 21/08/2008 | RS | 1 | 99.75 | 25 | ||||
| 26/01/2024 | 001.6424 GAM;14 | 42808 | 299.25 | 26/01/2024 | Books | MCA | Central Library | Central Library | MCA | 29/08/2006 | Book Paradise | 399.00 | MCA | 33570 | 21/08/2008 | RS | 1 | 99.75 | 25 |
